د ھند ميں لپٹا چا ند (Record no. 182516)

MARC details
000 -LEADER
fixed length control field 00627nam a22001937a 4500
005 - DATE AND TIME OF LATEST TRANSACTION
control field 20211118114444.0
010 ## - LCCN (DPL NO)
LC control number UR-11328
020 ## - INTERNATIONAL STANDARD BOOK NUMBER
Terms of availability 150.00
International Standard Book Number 9789390789764
035 ## - SYSTEM CONTROL NUMBER
System control number U-9883
037 ## - SOURCE OF ACQUISITION
Source of stock number/acquisition DBAD/PUB
082 ## - DEWEY DECIMAL CLASSIFICATION NUMBER
Classification number 841
100 ## - MAIN ENTRY--PERSONAL NAME
Personal name شبا نہ عشر ت
245 ## - TITLE STATEMENT
Title د ھند ميں لپٹا چا ند
Statement of responsibility, etc شبا نہ عشر ت
246 ## - VARYING FORM OF TITLE
Title proper/short title Dhund mein Lipta Chand (Urdu)
Remainder of title by Shabana Ishrat
260 ## - PUBLICATION, DISTRIBUTION, ETC. (IMPRINT)
Place of publication, distribution, etc N.Delhi
Date of publication, distribution, etc 2021 ء
Name of publisher, distributor, etc Educational Publishing House
270 ## - ADDRESS
Address D1/16,Ansari Road,Darya Ganj,
City New Delhi
Postal code 110002
Fax number -
300 ## - PHYSICAL DESCRIPTION
Extent 124 ص
Dimensions 22 Cm(Hb)
942 ## - ADDED ENTRY ELEMENTS (KOHA)
Source of classification or shelving scheme Dewey Decimal Classification
Item type Urdu Bks
Classification part 841
Call number suffix ش ب ا
Holdings
Withdrawn status Lost status Not for loan Collection code Home library Current library Date acquired Source of acquisition Cost, normal purchase price Full call number Barcode Copy number Cost, replacement price Koha item type
    Not For Loan Non-fiction D.B.Act.Division Central Library 18/11/2021 DBAD/PUB 150.00 841 ش ب ا U-9883 1 150.00 Urdu Bks

© Delhi Public Library
Hit Counter
free hit counter